| Поле | Инд. | ПП | Название | Значение |
|---|---|---|---|---|
| Тип записи | a | |||
| Библиографический уровень | m | |||
| 001 | Контрольный номер | RU/IS/BASE/104946166 | ||
| 005 | Дата корректировки | 20250908160621.5 | ||
| 020 | a | ISBN | 5-94396-025-2 | |
| 084 | a | Индекс другой классификации/Индекс ББК | 87.3(4Гем)6-636.6я44; 87.3(4Гем)6-8Кассирер Э.я44 | |
| 090 | a | Полочн. индекс | 87.3(4Гем)6-636.6я44 испр. | |
| x | Авторский знак | К 286 | ||
| 100 | 1_ | a | Автор | Кассирер Э. |
| q | Полное имя | Кассирер Эрнст; Кассирер Эрнест | ||
| u | Дополнение к имени | Cassirer E. | ||
| 245 | 10 | a | Заглавие | Философия символических форм |
| c | Ответственность | главный редактор, автор проекта С. Я. Левит; перевод С. А. Ромашко; ответственный редактор Д. М. Носов; художник П. П. Ефремов; редколлегия: Л. В. Скворцов, В. В. Бычков, П. П. Гайденко [и др.] | ||
| n | Номер части/ раздела | Т.3 | ||
| p | Название части/ раздела | Феноменология познания | ||
| 246 | 01 | a | Другая форма заглавия | Philosophie der Symbolischen Formen |
| 260 | a | Место издания | Москва | |
| 260 | a | Место издания | Санкт-Петербург | |
| b | Издательство | Университетская книга | ||
| c | Дата издания | 2002 | ||
| 300 | a | Объем | 400 с. | |
| 336 | a | Термин вида содержания | Текст | |
| 337 | a | Термин типа средства | непосредственный | |
| 440 | _0 | a | Серия | Книга Света |
| 500 | a | Примечание | Серия основана в 1997 году | |
| 504 | a | Библиография | Примеч.: с. 376-389. - Указ. имен: с. 390-395 | |
| 600 | 14 | a | Персоналии | Кассирер Эрнст |
| 650 | 04 | a | Основная рубрика | история философии |
| a | Основная рубрика | философия | ||
| 653 | 0_ | a | Ключевые слова | XX век |
| a | Ключевые слова | бытие | ||
| a | Ключевые слова | вещи | ||
| a | Ключевые слова | восприятие вещи | ||
| a | Ключевые слова | время | ||
| a | Ключевые слова | Германия | ||
| a | Ключевые слова | гносеология | ||
| a | Ключевые слова | догматика | ||
| a | Ключевые слова | дух | ||
| a | Ключевые слова | духовная культура | ||
| a | Ключевые слова | душа | ||
| a | Ключевые слова | естественно-научное познание | ||
| a | Ключевые слова | знаки | ||
| a | Ключевые слова | знаковые системы | ||
| a | Ключевые слова | знания | ||
| a | Ключевые слова | идеальные элементы | ||
| a | Ключевые слова | интуиция | ||
| a | Ключевые слова | исторический процесс | ||
| a | Ключевые слова | конвенционализм | ||
| a | Ключевые слова | конструктивные многообразия | ||
| a | Ключевые слова | культура | ||
| a | Ключевые слова | логика | ||
| a | Ключевые слова | логическая структура | ||
| a | Ключевые слова | логический анализ | ||
| a | Ключевые слова | марбургская школа | ||
| a | Ключевые слова | математика | ||
| a | Ключевые слова | материя | ||
| a | Ключевые слова | метафизика | ||
| a | Ключевые слова | методология | ||
| a | Ключевые слова | мировоззрение | ||
| a | Ключевые слова | миросозерцание | ||
| a | Ключевые слова | наука | ||
| a | Ключевые слова | научное познание | ||
| a | Ключевые слова | неокантианство | ||
| a | Ключевые слова | новейшее время | ||
| a | Ключевые слова | образы | ||
| a | Ключевые слова | объективация | ||
| a | Ключевые слова | объективность | ||
| a | Ключевые слова | объективный анализ | ||
| a | Ключевые слова | отношения | ||
| a | Ключевые слова | память | ||
| a | Ключевые слова | перцептивное сознание | ||
| a | Ключевые слова | позитивизм | ||
| a | Ключевые слова | познание | ||
| a | Ключевые слова | понятие | ||
| a | Ключевые слова | предмет | ||
| a | Ключевые слова | природа | ||
| a | Ключевые слова | пространство | ||
| a | Ключевые слова | психологизм | ||
| a | Ключевые слова | рассудок | ||
| a | Ключевые слова | рационализм | ||
| a | Ключевые слова | релятивизация | ||
| a | Ключевые слова | репрезентации проблема | ||
| a | Ключевые слова | свойства | ||
| a | Ключевые слова | семантика культуры | ||
| a | Ключевые слова | символика | ||
| a | Ключевые слова | символическое сознание | ||
| a | Ключевые слова | созерцание | ||
| a | Ключевые слова | сознание | ||
| a | Ключевые слова | субъективность | ||
| a | Ключевые слова | тело | ||
| a | Ключевые слова | теория множеств | ||
| a | Ключевые слова | теория понятия | ||
| a | Ключевые слова | теория чисел | ||
| a | Ключевые слова | тождества | ||
| a | Ключевые слова | трансцендентальная философия | ||
| a | Ключевые слова | учение об афазиях | ||
| a | Ключевые слова | феномен экспрессии | ||
| a | Ключевые слова | феноменология познания | ||
| a | Ключевые слова | физика | ||
| a | Ключевые слова | философские направления | ||
| a | Ключевые слова | философский анализ | ||
| a | Ключевые слова | философы | ||
| a | Ключевые слова | форма | ||
| a | Ключевые слова | формалистский подход | ||
| a | Ключевые слова | фундаментализм | ||
| a | Ключевые слова | функция знанчения | ||
| a | Ключевые слова | человек | ||
| a | Ключевые слова | число | ||
| a | Ключевые слова | чувственность | ||
| a | Ключевые слова | экспрессивность | ||
| a | Ключевые слова | эмпиризм | ||
| a | Ключевые слова | эмпирические многообразия | ||
| a | Ключевые слова | Я | ||
| a | Ключевые слова | язык | ||
| 700 | 12 | a | Автор | Левит С. Я. |
| e | Роль лиц | редактор; составитель | ||
| 700 | 12 | a | Автор | Ромашко С. А. |
| e | Роль лиц | переводчик | ||
| 700 | 12 | a | Автор | Носов Д. М. |
| e | Роль лиц | редактор | ||
| 700 | 12 | a | Автор | Ефремов П. П. |
| e | Роль лиц | художник | ||
| 700 | 12 | a | Автор | Скворцов Л. В. |
| e | Роль лиц | редактор | ||
| 700 | 12 | a | Автор | Бычков В. В. |
| e | Роль лиц | редактор | ||
| 700 | 12 | a | Автор | Гайденко П. П. |
| e | Роль лиц | редактор | ||
| 700 | 12 | a | Автор | Давыдов Ю. Н. |
| e | Роль лиц | редактор | ||
| 700 | 12 | a | Автор | Зверева Г. И. |
| e | Роль лиц | редактор | ||
| 700 | 12 | a | Автор | Ионин Л. Г. |
| e | Роль лиц | редактор | ||
| 700 | 12 | a | Автор | Кимелев Ю. А. |
| e | Роль лиц | редактор | ||
| 700 | 12 | a | Автор | Лезов С. В. |
| e | Роль лиц | редактор | ||
| 700 | 12 | a | Автор | Маньковская Н. Б. |
| e | Роль лиц | редактор | ||
| 700 | 12 | a | Автор | Померанц Г. С. |
| e | Роль лиц | редактор | ||
| 700 | 12 | a | Автор | Руткевич А. М. |
| e | Роль лиц | редактор | ||
| 700 | 12 | a | Автор | Савельева И. М. |
| e | Роль лиц | редактор | ||
| 700 | 12 | a | Автор | Тавризян Г. М. |
| e | Роль лиц | редактор | ||
| 700 | 12 | a | Автор | Ястребицкая А. Л. |
| e | Роль лиц | редактор | ||
| 901 | t | Тип документа | m | |
| 952 | a | Тип литературы для КСУ ВШ | НАУ |